| 000 | 00765nam a22002415a 4500 | ||
|---|---|---|---|
| 005 | 20160320150246.0 | ||
| 008 | 160320s2008 ii af fr 001 0 eng d | ||
| 020 | _a8184483317 | ||
| 020 | _a9788184483314 | ||
| 040 |
_aEG-ScBUE _beng _cEG-ScBUE |
||
| 082 | 0 | 4 |
_a616.9041 _bMAH _222 |
| 100 | 1 |
_aMaheshwari, Nanda. _939609 |
|
| 245 | 1 | 0 |
_aClinical microbiology and parasitology / _cNanda Maheshwari. |
| 250 | _a2nd ed. | ||
| 260 |
_aNew Delhi : _bJaypee Brothers Medical Publishers (P) LTD., _c2008. |
||
| 300 |
_axii, 296 p., 2 p. of plates : _bill. (some col.) ; _c22 cm. |
||
| 500 | _aIndex : p. [289]-296. | ||
| 521 | _aFor DMLT students. | ||
| 650 | 7 |
_aMedical microbiology. _2BUEsh _912324 |
|
| 651 | _2BUEsh | ||
| 653 |
_bPPhrm _cMarch2016 |
||
| 942 | _2ddc | ||
| 999 |
_c21458 _d21430 |
||